| Tag |
First Indicator |
Second Indicator |
Subfields |
| LEADER |
00000cam a2200000Ia 4500 |
| 001 |
in00001662639 |
| 005 |
20151023125419.0 |
| 008 |
940726s1959 ru b 000 0 rusod |
| 035 |
|
|
|a (OCoLC)ocm30833265
|
| 040 |
|
|
|a CUY
|c CUY
|d GZM
|d TXA
|d UtOrBLW
|
| 049 |
|
|
|a TXAM
|
| 090 |
|
|
|a PG13
|b .A55
|
| 110 |
2 |
|
|a Sovetskiĭ komitet slavistov.
|
| 245 |
1 |
0 |
|a Slavi︠a︡nskoe i︠a︡zykoznanie :
|b sbornik stateĭ /
|c [Otv. redaktor V.V. Vinogradov].
|
| 264 |
|
1 |
|a Moskva :
|b Izd-vo Akademii nauk SSSR,
|c 1959.
|
| 300 |
|
|
|a 230 pages ;
|c 26 cm.
|
| 336 |
|
|
|a text
|b txt
|2 rdacontent
|
| 337 |
|
|
|a unmediated
|b n
|2 rdamedia
|
| 338 |
|
|
|a volume
|b nc
|2 rdacarrier
|
| 504 |
|
|
|a Includes bibliographical references.
|
| 536 |
|
|
|a From the Library of Professor Horace G. Lunt October 2000.
|
| 650 |
|
0 |
|a Slavic philology.
|
| 650 |
|
0 |
|a Slavic languages.
|
| 650 |
|
0 |
|a Russian language.
|
| 700 |
1 |
|
|a Vinogradov, V. V.
|q (Viktor Vladimirovich),
|d 1895-1969.
|
| 994 |
|
|
|a E0
|b TXA
|
| 948 |
|
|
|a cataloged
|b h
|c 2002/2/20
|d c
|e tchubaryan
|f 12:00:37 pm
|
| 999 |
|
|
|a MARS
|
| 999 |
f |
f |
|s 5657685f-775b-3d24-ad3d-13da8cbc5e07
|i 969db259-ee0e-30ab-98b3-ae16e2988135
|t 0
|
| 952 |
f |
f |
|p ric
|a Texas A&M University
|b Rellis Campus
|c Joint Library Facility
|d Remote Storage
|t 0
|e PG13 .A55
|h Library of Congress classification
|i unmediated -- volume
|m A14828372779
|
| 998 |
f |
f |
|a PG13 .A55
|t 0
|l Remote Storage
|